मूल्य, पर्यावरण और मानव अधिकार की शिक्षा / (Record no. 13722)

MARC details
000 -LEADER
fixed length control field 01417nam a22002537a 4500
005 - DATE AND TIME OF LATEST TRANSACTION
control field 20080616160317.0
008 - FIXED-LENGTH DATA ELEMENTS--GENERAL INFORMATION
fixed length control field 080616t xxu||||| |||| 00| 0 hin d
010 ## - LIBRARY OF CONGRESS CONTROL NUMBER
LC control number HIN-83515
020 ## - INTERNATIONAL STANDARD BOOK NUMBER
Terms of availability 550.00
International Standard Book Number 9788175413375
035 ## - SYSTEM CONTROL NUMBER
System control number HN-55861
037 ## - SOURCE OF ACQUISITION
Source of stock number/acquisition DBAD / PUB
040 ## - CATALOGING SOURCE
Original cataloging agency DPL
Language of cataloging HN
082 ## - DEWEY DECIMAL CLASSIFICATION NUMBER
Classification number 370.114 / जैश्रीमू
100 ## - MAIN ENTRY--PERSONAL NAME
Personal name जैश्री
245 ## - TITLE STATEMENT
Title मूल्य, पर्यावरण और मानव अधिकार की शिक्षा /
Statement of responsibility, etc जैश्री
246 ## - VARYING FORM OF TITLE
Title proper/short title Mulya, paryavarn aur manav adhikar kee shiksha
Remainder of title Jaisree
250 ## - EDITION STATEMENT
Edition statement 2रा संस्क
260 ## - PUBLICATION, DISTRIBUTION, ETC. (IMPRINT)
Place of publication, distribution, etc दिल्ली
Name of publisher, distributor, etc शिप्रा पब्लिकेशन्स
Date of publication, distribution, etc 2007
270 ## - ADDRESS
Address 115-ए, विकास मार्ग, शंकरपुर
City दिल्ली
Postal code 110092
Telephone number 91 11 65277210, 22500954
Fax number 22458662
Electronic mail address info@shiprapublication.com
300 ## - PHYSICAL DESCRIPTION
Extent 112पृ
Dimensions 22सेमी(सजिल्द)
500 ## - GENERAL NOTE
General note इस पुस्तक का पहला संस्करण 21.5.07 को प्राप्त हुआ ।
942 ## - ADDED ENTRY ELEMENTS (KOHA)
Koha item type Hindi Books
Source of classification or shelving scheme Dewey Decimal Classification
Classification part 370.114
Call number suffix जैश्रीमू
Holdings
Withdrawn status Lost status Damaged status Not for loan Collection code Home library Current library Date acquired Source of acquisition Cost, normal purchase price Total Checkouts Full call number Barcode Date last seen Copy number Cost, replacement price Price effective from Koha item type
      Not For Loan Non-fiction D.B.Act.Division D.B.Act.Division 16/06/2008 पु.प्र.अ.प्र /प्रका 550.00   370.114 जैश्रीमू HN-55861 15/09/2008 1 550.00 15/09/2008 Hindi Books

© Delhi Public Library
Hit Counter
free hit counter